header

Left shift (Record no. 79631)

MARC details
000 -LEADER
fixed length control field 01222nam a2200325Ia 4500
082 04 - DEWEY DECIMAL CLASSIFICATION NUMBER
Classification number 709.047
100 1# - MAIN ENTRY--AUTHOR NAME
Personal name Walker, John Albert,
245 10 - TITLE STATEMENT
Title Left shift
260 ## - PUBLICATION, DISTRIBUTION, ETC. (IMPRINT)
Place of publication London ;
-- New York :
Name of publisher I.B. Tauris,
Year of publication 2002.
300 ## - PHYSICAL DESCRIPTION
Number of Pages ix, 294 p. :
Other physical details ill.
650 #0 - SUBJECT ADDED ENTRY--TOPICAL TERM
Topical Term Art, Modern
Topical Term Nineteen seventies.
Topical Term Radicalism in art.
Topical Term Radicalism.
856 40 - ELECTRONIC LOCATION AND ACCESS
Uniform Resource Identifier http://site.ebrary.com/lib/rucke/Doc?id=10133044

No items available.

© 2026 Rongo University
Contact us: librarian | system librarian | Rongo university